000
00317nam a22001457a 4500
003
OSt
005
20211231131600.0
008
211231b |||||||| |||| 00| 0 eng d
020
_a
1558604308
040
_c
HU
082
_a
006.7
100
_a
Sitaram
_9
26615
245
_a
Multimedia Servers
942
_2
ddc
_c
BOOKS
_n
0
999
_c
25544
_d
25544